| 000 | 01023nac a22003131i 4500 | ||
|---|---|---|---|
| 003 | EG-ScBUE | ||
| 005 | 20241002120335.0 | ||
| 006 | m||||fq||h 00| 0 | ||
| 008 | 241002s2001 enka f 001 0 eng d | ||
| 020 | _a0130183199 (pbk.) | ||
| 020 | _a9780130183194 | ||
| 040 |
_aEG-ScBUE _beng _erda _cEG-ScBUE _dEG-ScBUE |
||
| 082 | 0 | 4 |
_a510.2462 _bMOD _222 |
| 245 | 0 | 0 |
_aModern engineering mathematics / _cGlyn James, Coventry University [and five others] |
| 250 | _aThird edition. | ||
| 264 |
_aHarlow, England ; _aNew York : _bPrentice Hall, _c2001. |
||
| 300 |
_axxv, 978 pages : _billustrations (some color) ; _c25 cm + _e1 CD |
||
| 336 |
_2rdacontent _atext _btxt |
||
| 336 |
_2rdacontent _asounds _bsnd |
||
| 337 |
_aunmediated _2rdamedia _bn |
||
| 337 |
_aaudio _2rdamedia _bs |
||
| 338 |
_avolume _bnc _2rdacarrier |
||
| 338 |
_acomputer disc _bcd _2rdacarrier |
||
| 500 | _aIncludes index. | ||
| 650 | 7 |
_aEngineering mathematics. _2BUEsh |
|
| 655 | _vReading book | ||
| 700 | 1 |
_aJames, Glyn, _eauthor. |
|
| 942 |
_cBB _2ddc |
||
| 999 |
_c55 _d55 |
||